00653nam a2200229Ia 450000500170000000800410001702000150005808200210007310000130009424500570010726000360016426000290020030000160022965000100024565000110025565000120026665000110027865000160028994200060030595200970031199900150040820250130002430.0240331s9999 xx 000 0 und d a8185107076 bSHI21500a304.2 aShiva, V 0aStaying Alive:bWomen, Ecology and Survival in India aNew DelhibKali for Womenc1988 aLondonbZed Books c1988 axx, 224 p., aWomen aGender aEcology aNature aDevelopment cL 001040708LaWERCLbWERCLcSSCd2024-03-31l0o 304.2 SHIp1500r2024-03-31w2024-03-31yL c1466d1466